| 000 | 01078cam a2200217 a 4500 | ||
|---|---|---|---|
| 005 | 20260409162335.0 | ||
| 008 | 961002s1997 njua b 001 0 eng | ||
| 020 | _a0691011745 (pbk) | ||
| 020 | _a9780691005447 (pbk) | ||
| 082 | _a330 MER | ||
| 100 | 1 | _aMercuro, Nicholas | |
| 245 | 1 | 0 |
_aEconomics and the law : _bfrom Posner to post-modernism / _cNicholas Mercuro and Steven G. Medema |
| 260 |
_aPrinceton ; _bPrinceton University Press, _c1997. |
||
| 300 |
_aviii, 235 p. : _c25 cm. |
||
| 365 | _bRs. 1778.00 | ||
| 505 | _aChapter 1. The Jurisprudential Niche of Law and Economics- Chapter 2. Chicago Law and Economics- Chapter 3. Public Choice Theory- Chapter 4. Institutional Law and Economics- Chapter 5. Neoinstitutional Law and Economics- Chapter 6. Critical Legal Studies- Chapter 7. Continuous Development and Continuing Concerns- Notes- Bibliography- Name Index- Subject Index. | ||
| 650 | 0 | _aLaw and economics. | |
| 700 | 1 | _aMedema, Steven G. | |
| 856 | 4 | 1 |
_3Table of contents _uhttp://www.loc.gov/catdir/toc/prin031/96046300.html |
| 942 |
_2ddc _cBK |
||
| 999 |
_c19917 _d19917 |
||